000 00292nam a2200145Ia 4500
100 _aPressman Roger.S
250 _a5
942 _cBK
654 _asoftware
245 _aSoftware Engineering
260 _bMc Graw Hill
_c2001
082 _a5.1
_bPRE
300 _a860
546 _aENGLISH
999 _c30546
_d30546